Vel d'Hiv : Histoire et portée d’un discours (notice n° 1561517)

détails MARC
000 -LEADER
fixed length control field 01700cam a2200133 4500500
005 - DATE AND TIME OF LATEST TRANSACTION
control field 20251109003054.0
041 ## - LANGUAGE CODE
Language code of text/sound track or separate title fre
042 ## - AUTHENTICATION CODE
Authentication code dc
100 10 - MAIN ENTRY--PERSONAL NAME
Personal name Strouk, Hubert
Relator term author
245 00 - TITLE STATEMENT
Title Vel d'Hiv : Histoire et portée d’un discours
260 ## - PUBLICATION, DISTRIBUTION, ETC.
Name of publisher, distributor, etc. Hermann,<br/>
Date of publication, distribution, etc. 2025.<br/>
520 ## - SUMMARY, ETC.
Summary, etc. Le 16 juillet 1995, Jacques Chirac, alors président de la République, prononce le célèbre "discours du Vel d'Hiv". Un discours historique qui reconnaît la responsabilité de l'État français dans la déportation des Juifs de France pendant la Seconde Guerre mondiale. Construit comme une enquête, le livre interroge la rupture que constitue cette allocution après des années de refus de cette reconnaissance. Elle prend place dans un contexte de renouveau historiographique, de mobilisation de la société civile et de la progression électorale du Front National. À partir d'archives diverses et inédites de l'Élysée, l'auteur montre comment ce discours a été élaboré et étudie son impact dans l'opinion publique en ouvrant un nouveau temps mémoriel. Si les Présidents et Premiers ministres qui se sont succédé au Vel d'Hiv se sont situés dans les pas de Jacques Chirac, les controverses se sont multipliées au cours de ces trente dernières années pour dénoncer la vision de l'Histoire proposée et la profusion de revendications mémorielles. Enfin, avec la progression des propos et actes antisémites à partir des années 2000, les prises de parole des plus hauts représentants de l'État mettent en lumière les mutations de cette haine au cours des dernières décennies.
856 41 - ELECTRONIC LOCATION AND ACCESS
Uniform Resource Identifier <a href="https://shs.cairn.info/vel-d-hiv--9791037043498?lang=fr&redirect-ssocas=7080">https://shs.cairn.info/vel-d-hiv--9791037043498?lang=fr&redirect-ssocas=7080</a>

Pas d'exemplaire disponible.

PLUDOC

PLUDOC est la plateforme unique et centralisée de gestion des bibliothèques physiques et numériques de Guinée administré par le CEDUST. Elle est la plus grande base de données de ressources documentaires pour les Étudiants, Enseignants chercheurs et Chercheurs de Guinée.

Adresse

627 919 101/664 919 101

25 boulevard du commerce
Kaloum, Conakry, Guinée

Réseaux sociaux

Powered by Netsen Group @ 2025